000 00464nam a2200181Ia 4500
001 3105
005 20260306144856.0
008 260306t2007||||xx |||||||||||||| ||spa||
041 _aESP
082 _a252.81
_bP75
100 _aPollard, John F.
_eAUT
245 0 _aEl Vaticano y sus banqueros:
_blas finanzas del papado moderno, 1850-1950
260 _c2007
300 _a315 páginas :
_c23 cm.
650 _aGEN
654 _aCHU
942 _cLIB
_dJUS
_fJUS
_2ddc
_n
999 _c3105
_d3105